[Event "Canada zt"]
[Site "Canada"]
[Date "1989.??.??"]
[Round "?"]
[White "Hamilton, Robert"]
[Black "O'Donnell, Tom"]
[Result "0-1"]
[WhiteElo "2300"]
[BlackElo "2395"]

1.d4 d5 2.c4 e6 3.Nf3 c6 4.e3 Nf6 5.Nc3 Nbd7 6.Bd3 dxc4 7.Bxc4 b5 8.Bd3 Bb7
9.e4 b4 10.Ne2 c5 11.Ng3 Qb6 12.e5 Nd5 13.O-O cxd4 14.Qe2 Be7 15.Nh5 Bf8
16.Nd2 g6 17.Nf6+ N7xf6 18.Nc4 Qc7 19.exf6 Nxf6 20.Ne5 Nd5 21.Bb5+ Ke7 22.Bg5+ f6
23.Rac1 Qb6 24.Nc6+ Kf7 25.Rfe1 Re8 26.Nxd4 Bc5 27.Bxe8+ Rxe8 28.Nb3 Bd6
29.Be3 Nxe3 30.Qxe3 Bd5 31.Qxb6 axb6 32.Nd4 Ra8 33.a3 bxa3 34.bxa3 Bc5 35.Nc2 Bb3
36.Red1 Bxa3 37.Rd7+ Ke8 38.Rxh7 Bxc1 39.Rh8+ Kd7 40.Rh7+ Kd6 41.Nd4  0-1

[Event "Cannes op"]
[Site "Cannes"]
[Date "1989.??.??"]
[Round "?"]
[White "Jost, Claude"]
[Black "Samovojska, Damir"]
[Result "0-1"]
[WhiteElo "2250"]
[BlackElo "2365"]

1.Nf3 Nf6 2.c4 c6 3.Nc3 d5 4.d4 e6 5.e3 Nbd7 6.Bd3 Be7 7.O-O O-O 8.e4 dxe4
9.Nxe4 Nxe4 10.Bxe4 Nf6 11.Bc2 c5 12.dxc5 Bxc5 13.Bg5 Qxd1 14.Raxd1 Nd7 15.Bf4 Nf6
16.Ne5 h6 17.Rfe1 b6 18.Ba4 Ba6 19.b3 g5 20.Be3 Bxe3 21.Rxe3 Rfd8 22.Red3 Rxd3
23.Rxd3 Kg7 24.Bc6 Rc8 25.f3 Rc7 26.Rd8 Ng8 27.Ba4 Ne7 28.Kf2 Bb7 29.Ke2 h5
30.Kd2 Kf6 31.Nd3 g4 32.fxg4 hxg4 33.g3 Bc6 34.Bxc6 Nxc6 35.Rg8 Rd7 36.Ke3 Kf5
37.Rg7 a5 38.a3 Kf6 39.Rg8 Nd4 40.b4 Nc2+ 41.Kd2 Nxa3 42.Rxg4 axb4 43.Rf4+ Ke7
44.Ke3 b3 45.Nb2 e5 46.Rf1 Ke6 47.g4 Rd4 48.h3 Nxc4+ 49.Nxc4 Rxc4 50.g5 Rb4
51.h4 Rxh4 52.Rf6+ Kd5 53.Rxb6 Kc5  0-1

[Event "Caorle op"]
[Site "Caorle"]
[Date "1989.??.??"]
[Round "2"]
[White "Rukavina, Josip"]
[Black "Miladinovic, Igor"]
[Result "0-1"]
[WhiteElo "2455"]
[BlackElo "2365"]

1.Nf3 Nf6 2.c4 c6 3.d4 d5 4.e3 e6 5.Nc3 Be7 6.Qc2 Nbd7 7.b3 O-O 8.Be2 b6
9.O-O Bb7 10.Rd1 Qc7 11.Bb2 Rac8 12.Rac1 Bb4 13.a3 Bxc3 14.Qxc3 Ne4 15.Qc2 Qd8
16.Nd2 Nxd2 17.Qxd2 Qe7 18.a4 Rfd8 19.c5 bxc5 20.Ba3 e5 21.Bxc5 Nxc5 22.Rxc5 Re8
23.Qc3 Rcd8 24.Ra5 Ra8 25.dxe5 Qxe5 26.Qxe5 Rxe5 27.Rd4 Re7 28.Kf1 Kf8 29.Ke1 Ke8
30.Kd2 Kd7 31.Bd3 Kc7 32.e4 Kb6 33.b4 dxe4 34.Bxe4 g6 35.Bf3 a6 36.h4 h5
37.Rg5 Rae8 38.Rc5 Kc7 39.Rc3 Re5 40.Rf4 R8e7 41.a5 R5e6 42.Rcc4 Rd7+ 43.Kc3 Red6
44.Rcd4 Rxd4 45.Rxd4 Rxd4 46.Kxd4 c5+ 47.bxc5 Bxf3 48.gxf3 g5 49.Ke4 gxh4
50.f4 h3 51.Kf3 h4  0-1

[Event "Caorle op"]
[Site "Caorle"]
[Date "1989.??.??"]
[Round "6"]
[White "Jovancic, Miodrag"]
[Black "Falchetta, Giovanni"]
[Result "1-0"]
[WhiteElo "2230"]
[BlackElo "2155"]

1.d4 d5 2.c4 c6 3.Nc3 Nf6 4.Nf3 e6 5.e3 Nbd7 6.Bd3 Bb4 7.a3 Ba5 8.O-O O-O
9.Qe2 Qe7 10.Bd2 dxc4 11.Bxc4 e5 12.Ba2 Bc7 13.dxe5 Nxe5 14.Nxe5 Qxe5 15.f4 Qe7
16.e4 Be6 17.Bxe6 Qxe6 18.e5 Nd7 19.Ne4 f6 20.Bb4 Rfe8 21.Rad1 c5 22.Bc3 fxe5
23.Ng5 Qe7 24.Qc4+ Kh8 25.Nf7+ Kg8 26.Nxe5+  1-0

[Event "Caorle op"]
[Site "Caorle"]
[Date "1989.??.??"]
[Round "7"]
[White "Sinadinovic, Andjelko"]
[Black "Barlocco, Carlo"]
[Result "1-0"]
[WhiteElo "2000"]
[BlackElo "2090"]

1.d4 d5 2.c4 c6 3.e3 Nf6 4.Nc3 e6 5.Nf3 Be7 6.Be2 O-O 7.O-O a6 8.b3 Nbd7
9.Bb2 Qc7 10.Qc2 b5 11.cxb5 cxb5 12.Rac1 Bb7 13.Nxd5 Qd6 14.Nxf6+ Nxf6 15.Qc7 Be4
16.Ne5 Qxc7 17.Rxc7 Bd6 18.Rcc1 Bxe5 19.dxe5 Nd5 20.Bd4 Rac8 21.a3 Bc2 22.b4 Rc7
23.Bc5 Rxc5 24.bxc5 Bb3 25.c6 Rc8 26.c7 Ne7 27.Rc3 Ba4 28.Rd3 f6 29.Rd8+ Kf7
30.Rxc8 Nxc8 31.Bf3 Ke7 32.Bb7 Kd7 33.Bxa6 fxe5 34.Rc1  1-0

[Event "Cappelle op"]
[Site "Cappelle"]
[Date "1989.??.??"]
[Round "?"]
[White "Mikhalchishin, Adrian"]
[Black "Votruba, Pavel"]
[Result "1/2-1/2"]
[WhiteElo "2475"]
[BlackElo "2355"]

1.d4 d5 2.c4 e6 3.Nc3 Nf6 4.Nf3 c6 5.e3 Nbd7 6.Qc2 a6 7.b3 dxc4 8.bxc4 c5
9.Be2 cxd4 10.exd4 Be7 11.O-O O-O 12.Bf4 Re8 13.Rfd1 b6 14.d5 exd5 15.cxd5 Bb7
16.d6 Bf8 17.Ng5 Ne5 18.Bxe5 Rxe5 19.Nxf7 Kxf7 20.Bc4+ Ke8 21.f4 Rc5 22.Qe2+ Be7
23.Na4 Rxc4 24.Qxc4 b5 25.Qb3 Bxd6 26.Qe6+ Qe7 27.Rxd6 bxa4 28.Rc1 Qxe6 29.Rxe6+ Kd7
30.Rb6 Bd5 31.Rd1 Ke7 32.Rxf6 gxf6 33.Rxd5 Rc8 34.Ra5 Rc1+  1/2-1/2

[Event "Cheliabinsk"]
[Site "Cheliabinsk"]
[Date "1989.??.??"]
[Round "?"]
[White "Nikolic, Nebojsa"]
[Black "Sherbakov, Ruslan"]
[Result "0-1"]
[WhiteElo "2390"]
[BlackElo "2360"]

1.d4 d5 2.Nf3 Nf6 3.c4 c6 4.Nc3 e6 5.e3 Nbd7 6.Qc2 Bd6 7.Bd3 O-O 8.O-O Qe7
9.e4 dxc4 10.Bxc4 e5 11.h3 exd4 12.Nxd4 Ne5 13.Be2 Rd8 14.Be3 Ng6 15.Rad1 Nf4
16.Bf3 Nxh3+ 17.Kh1 Qe5 18.g3 Ng4 19.Bxg4 Bxg4 20.Nf5 Qf6 21.Kg2 h6 22.Bd4 Qg5
23.Ne2 Bxe2 24.Kxh3 Qg4+ 25.Kg2 Bf3+ 26.Kg1  0-1

[Event "Cheliabinsk"]
[Site "Cheliabinsk"]
[Date "1989.??.??"]
[Round "?"]
[White "Gleizerov, Evgeny"]
[Black "Sherbakov, Ruslan"]
[Result "1-0"]
[WhiteElo "2420"]
[BlackElo "2360"]

1.d4 d5 2.Nf3 Nf6 3.c4 c6 4.Nc3 e6 5.e3 Nbd7 6.Qc2 Bd6 7.Be2 O-O 8.O-O dxc4
9.Bxc4 b5 10.Be2 Bb7 11.Nd2 a6 12.a4 b4 13.Nce4 Nxe4 14.Nxe4 Be7 15.Bd2 Qa5
16.Rac1 c5 17.Bf3 Rac8 18.Ng5 Bxg5 19.Bxb7 Rc7 20.Be4 Rfc8 21.Bxh7+ Kh8 22.Bd3 cxd4
23.Qd1 Rxc1 24.Qh5+ Kg8 25.Qh7+ Kf8 26.Bxc1 Qc7 27.Bxa6 Rd8 28.Qh8+ Ke7 29.Qxg7 Bf6
30.Qg3  1-0

[Event "Capablanca mem"]
[Site "Cienfuegos"]
[Date "1989.??.??"]
[Round "11"]
[White "Borges Mateos, Juan"]
[Black "Lugo, Blas"]
[Result "1/2-1/2"]
[WhiteElo "2535"]
[BlackElo "2340"]

1.d4 d5 2.c4 c6 3.Nc3 Nf6 4.e3 e6 5.Nf3 Nbd7 6.Qc2 Bd6 7.b3 O-O 8.Be2 Qe7
9.Bb2 dxc4 10.bxc4 e5 11.O-O e4 12.Nd2 Re8 13.Rfe1 Nf8 14.f3 exf3 15.Bxf3 Ng4
16.Nf1 Qh4 17.g3 Qg5 18.Re2 Bc7 19.Rd1 h5 20.e4 Qg6 21.e5 Bf5 22.Be4 Bxe4
23.Nxe4 Ne6 24.Ba3 Nf4 25.gxf4 Ne3+ 26.Rg2 Nxc2 27.Rxg6 fxg6 28.Bd6 Bb6 29.c5 Ba5
30.Kf2 Nb4 31.Ne3 Nxa2 32.Rb1 Nc3 33.Nxc3 Bxc3 34.Nc2 b5 35.cxb6 axb6 36.Rb3 Ba5
37.Kf3 Kf7 38.Ne3 Ke6 39.Ke4 Red8 40.Rb2 Rxd6 41.exd6 Kxd6 42.Nc4+ Kc7 43.Ne5 Re8
44.Rg2 Re6 45.Kd3 Rd6 46.Nc4 Rf6 47.Ne5 b5 48.Nxg6 Rd6 49.Ne5 c5 50.Rxg7+ Kc8
51.Nf3 c4+ 52.Ke4 Bd8 53.Ne5 c3 54.Kd3 b4 55.Kc4 c2 56.Rg1 Rxd4+ 57.Kxd4 Bb6+
58.Kd3 Bxg1 59.Kxc2 Bxh2 60.Ng6 Bg1 61.f5 Bc5 62.f6 Kd7 63.f7 Kc6 64.Kb3 Kb5
65.Nf4 h4 66.Ne6  1/2-1/2

[Event "Copenhagen op"]
[Site "Copenhagen"]
[Date "1989.??.??"]
[Round "3"]
[White "Farago, Ivan"]
[Black "Rodgaard, John"]
[Result "1-0"]
[WhiteElo "2495"]
[BlackElo "2360"]

1.d4 d5 2.c4 c6 3.Nc3 e6 4.e3 Nf6 5.Nf3 Nbd7 6.Qc2 Bd6 7.Be2 O-O 8.O-O e5
9.cxd5 Nxd5 10.Rd1 Nxc3 11.bxc3 Qe7 12.e4 b6 13.Bg5 f6 14.Be3 Bb7 15.a4 Rae8
16.a5 exd4 17.Nxd4 Bb8 18.Bc4+ Kh8 19.Nf5 Qxe4 20.Qxe4 Rxe4 21.Rxd7 Bc8 22.Rf7 Rxf7
23.Bxf7 Bxf5 24.axb6 a6 25.Rxa6 Re7 26.Ra8 Rb7 27.Bf4 Rxb6 28.Rxb8+ Rxb8
29.Bxb8  1-0

[Event "Copenhagen op"]
[Site "Copenhagen"]
[Date "1989.??.??"]
[Round "5"]
[White "Hansen, Lars Bo"]
[Black "Haugli, Petter"]
[Result "1/2-1/2"]
[WhiteElo "2540"]
[BlackElo "2380"]

1.Nf3 d5 2.d4 Nf6 3.c4 e6 4.Nc3 c6 5.e3 Nbd7 6.Qc2 Bd6 7.Be2 O-O 8.O-O dxc4
9.Bxc4 b5 10.Be2 Bb7 11.Rd1 Qc7 12.Bd2 Rac8 13.b4 Rfe8 14.a3 a6 15.Bd3 h6
16.Ne4 Nxe4 17.Bxe4 e5 18.Bh7+ Kh8 19.Bf5 exd4 20.exd4 Rcd8 21.Qc1 Kg8 22.Ra2 Nf8
23.Rc2 Qe7 24.Bc3 Qf6 25.g4 Ng6 26.d5 Ne5 27.Kf1 cxd5 28.Bd4 Bc8 29.Nxe5 Bxe5
30.Bxe5 Qxe5 31.Bxc8 Rxc8 32.f3 Rc4 33.Rdd2 Qf4 34.Qd1 h5 35.gxh5 Re3 36.Kg2 Qg5+
37.Kh1 Rxc2 38.Rxc2 Qxh5 39.Kg2 Qg5+ 40.Kf2 Re8 41.Qd4 Qf5 42.Rd2 Rc8 43.Qxd5 Qh3
44.Qe5 Rc1 45.Qe8+ Kh7 46.Qe4+ f5 47.Qf4 Rf1+ 48.Ke3 Re1+ 49.Kf2 Rf1+ 50.Ke3 Ra1
51.Rd3 Ra2 52.Kd4 Rxh2 53.Kc5 Rg2 54.Rd5 Rg6 55.Qxf5 Qxf5 56.Rxf5 Kh6 57.Kd4 Rd6+
58.Ke4 Kg6 59.Rc5 Re6+  1/2-1/2

[Event "CUB-ch"]
[Site "?"]
[Date "1989.??.??"]
[Round "7"]
[White "Vilela, Jose Luis"]
[Black "Gomez, A."]
[Result "1/2-1/2"]
[WhiteElo "2405"]
[BlackElo "2385"]

1.d4 d5 2.c4 c6 3.Nf3 Nf6 4.Nc3 e6 5.e3 Nbd7 6.Qc2 dxc4 7.Bxc4 b5 8.Bd3 Bb7
9.Bd2 Rc8 10.Ne4 c5 11.Nxf6+ gxf6 12.Bxb5 a6 13.Be2 cxd4 14.Qa4 dxe3 15.Bxe3 Bc5
16.O-O Bxe3 17.fxe3 Qb6 18.Qd4 Rc2 19.Qxb6 Nxb6 20.Nd4 Rg8 21.g3 Rd2 22.Rfd1 Rxd1+
23.Rxd1 Ke7 24.Rc1 Rc8 25.Rxc8 Bxc8 26.Kf2 Na4 27.b4 Nc3 28.Bc4 Kd6 29.a3 f5
30.Ke1 h6 31.Ne2 Nd5 32.Kd2 Nf6 33.Nc3 Ng4 34.h4 Nf6 35.Ke2 Nh5 36.Kf2 Nf6
37.Ke2 Bb7 38.Bd3 Nh5 39.Kf2 Nf6 40.Ke2 Nh5 41.Kf2 Nf6 42.Na4 Bc6 43.Nc3 Bb7
44.Nd1 Kd5 45.Nc3+ Kd6  1/2-1/2

[Event "CUB-ch"]
[Site "?"]
[Date "1989.??.??"]
[Round "10"]
[White "Arencibia, Walter"]
[Black "Gomez, A."]
[Result "1/2-1/2"]
[WhiteElo "2395"]
[BlackElo "2385"]

1.d4 d5 2.c4 c6 3.Nc3 Nf6 4.e3 e6 5.Nf3 Nbd7 6.Qc2 Bd6 7.Bd2 O-O 8.h3 a6
9.c5 Bc7 10.Bd3 e5 11.dxe5 Bxe5 12.Na4 Qe7 13.O-O-O Bb8 14.Nd4 Ne5 15.Be1 Ba7
16.g4 Nxd3+ 17.Rxd3 Nd7 18.Rc3 Ne5 19.b3 f5 20.f4 Ng6 21.g5 Qe4 22.Rf1 Qxc2+
23.Kxc2 Bd7 24.Kd3 Rae8 25.h4 Rf7 26.h5 Nf8 27.Rc2 Rfe7 28.Rf3 Ne6  1/2-1/2

[Event "CUB-ch"]
[Site "?"]
[Date "1989.??.??"]
[Round "11"]
[White "Garcia Gonzales, Guillermo"]
[Black "Lugo, Blas"]
[Result "1-0"]
[WhiteElo "2515"]
[BlackElo "2340"]

1.d4 d5 2.c4 c6 3.Nc3 Nf6 4.e3 e6 5.Nf3 Nbd7 6.Be2 Bd6 7.O-O O-O 8.b3 Re8
9.Bb2 Qe7 10.Qc2 dxc4 11.Bxc4 h6 12.Ne2 b5 13.Bd3 Bb7 14.e4 Ba3 15.Ng3 Bxb2
16.Qxb2 c5 17.Bxb5 Nxe4 18.Nxe4 Bxe4 19.dxc5 Bxf3 20.gxf3 Red8 21.Bxd7 Rxd7
22.b4 Rad8 23.Kh1 Rd2 24.Qe5 R8d5 25.Qg3 R2d4 26.Rg1 g6 27.a3 Qb7 28.Rac1 Qc6
29.Rc3 a6 30.Qb8+ Rd8 31.Qb6 Qd5 32.c6 Rh4 33.Qxd8+ Qxd8 34.c7 Rxh2+ 35.Kxh2 Qh4+
36.Kg2 Qg5+ 37.Kf1 Qb5+ 38.Ke1 Qe5+ 39.Kd2 Qd4+ 40.Kc2 Qxf2+ 41.Kb3 Qxg1
42.c8=Q+  1-0

[Event "Dieren op"]
[Site "Dieren"]
[Date "1989.??.??"]
[Round "7"]
[White "Dam, Ruurd"]
[Black "Van de Oudeweetering, Arthur"]
[Result "1-0"]
[WhiteElo "2315"]
[BlackElo "2315"]

1.d4 d5 2.Nf3 Nf6 3.c4 c6 4.Nc3 e6 5.e3 Nbd7 6.Bd3 dxc4 7.Bxc4 b5 8.Bd3 a6
9.e4 c5 10.e5 cxd4 11.Nxb5 axb5 12.exf6 Qb6 13.fxg7 Bxg7 14.O-O O-O 15.Re1 Bb7
16.Bf4 Bd5 17.Ne5 Ra7 18.Nxd7 Rxd7 19.Qh5 f5 20.Qe2 Re7 21.Bxb5 e5 22.a4 Qg6
23.Qf1 Kh8 24.Rac1 Bf6 25.Rc5 Qf7 26.Bd2 Rg8 27.g3 Ba8 28.Bc4 Qh5 29.Bxg8 Qf3
30.Bd5 Bxd5 31.Rxd5 Qxd5 32.Rc1 e4 33.Bh6 Re8 34.Qa6 Be5 35.Rc8 Qg8 36.Qb5  1-0

[Event "Dieren op"]
[Site "Dieren"]
[Date "1989.??.??"]
[Round "8"]
[White "Pliester, Leon"]
[Black "Van de Oudeweetering, Arthur"]
[Result "1-0"]
[WhiteElo "2385"]
[BlackElo "2315"]

1.d4 d5 2.c4 c6 3.Nc3 Nf6 4.Nf3 e6 5.e3 Nbd7 6.Bd3 dxc4 7.Bxc4 b5 8.Be2 b4
9.Na4 Bb7 10.O-O Be7 11.b3 O-O 12.Bb2 Rc8 13.Nd2 c5 14.Nc4 Qc7 15.dxc5 Nxc5
16.Be5 Qc6 17.Bf3 Qa6 18.Nxc5 Rxc5 19.a3 Bxf3 20.Qxf3 Qb5 21.Bd4 Rc7 22.Qg3 Rd7
23.a4 Qf5 24.Rac1 g6 25.Ne5 Ne4 26.Nxd7 Nxg3 27.fxg3 Qd5 28.Nxf8 Bxf8 29.Rc8 Qd7
30.Rfc1 e5 31.Bxe5 h5 32.Bd4 g5 33.Ra8 h4 34.gxh4 gxh4 35.Rcc8 Qe6 36.Rxf8+ Kh7
37.Rxf7+  1-0

[Event "Dortmund-A"]
[Site "Dortmund"]
[Date "1989.??.??"]
[Round "?"]
[White "Sokolov, Ivan"]
[Black "Hort, Vlastimil"]
[Result "1/2-1/2"]
[WhiteElo "2580"]
[BlackElo "2580"]

1.d4 e6 2.c4 d5 3.Nc3 c6 4.e3 Nf6 5.Nf3 Nbd7 6.Bd3 dxc4 7.Bxc4 b5 8.Bb3 b4
9.Ne2 Bb7 10.O-O c5 11.Nf4 Bd6 12.Ng5 Bxf4 13.exf4 O-O 14.Be3 Qe7 15.Rc1 h6
16.dxc5 Rac8 17.c6  1/2-1/2

[Event "Dortmund-C"]
[Site "Dortmund"]
[Date "1989.??.??"]
[Round "?"]
[White "Tatai, Stefano"]
[Black "Thesing, Matthias"]
[Result "1/2-1/2"]
[WhiteElo "2395"]
[BlackElo "2365"]

1.d4 d5 2.c4 e6 3.Nc3 c6 4.e3 Nf6 5.Nf3 Nbd7 6.Qc2 Bd6 7.Be2 O-O 8.O-O e5
9.cxd5 cxd5 10.Nb5 Bb8 11.dxe5 Nxe5 12.Bd2 Bg4 13.Nbd4 Nxf3+ 14.Bxf3 Qd6
15.g3 Bxf3 16.Nxf3 Bc7 17.Bc3 Bb6 18.Qf5 Ne4 19.Qe5 Qxe5 20.Bxe5 Rac8 21.Rac1 a6
22.Rfd1 Rfd8 23.Bd4 Bxd4 24.Nxd4 Kf8 25.f3 Nd6 26.Kf2 Rxc1 27.Rxc1 Rc8 28.Rxc8+ Nxc8
29.Ke2 g6 30.Nb3 b6 31.Nd4  1/2-1/2

[Event "Dortmund (Women)"]
[Site "Dortmund"]
[Date "1989.??.??"]
[Round "5"]
[White "Botsari Miladinovic, Anna Maria"]
[Black "Buechle, Regina"]
[Result "1-0"]
[WhiteElo "2160"]
[BlackElo "2025"]

1.d4 d5 2.c4 c6 3.Nf3 Nf6 4.Nc3 e6 5.e3 Nbd7 6.Qc2 Bd6 7.Be2 O-O 8.O-O Re8
9.Rd1 Nf8 10.e4 dxe4 11.Nxe4 Nxe4 12.Qxe4 Ng6 13.b3 Bd7 14.Bb2 Qc7 15.Ne5 Nxe5
16.dxe5 Bf8 17.Rd3 c5 18.Rh3 g6 19.Qh4 h6 20.Re1 Bc6 21.Qf4 Bg7 22.Qe3 b6
23.Bd3 Rad8 24.Qg3 Qe7 25.Re3 Rd7 26.Qf4 Red8 27.Bc3 Bb7 28.Reg3 Bc6 29.Qg4 Bb7
30.Qe2 Qe8 31.Bd2 Qf8 32.Bc3 Qe8 33.Re3 Qe7 34.f4 Bc6 35.g4 Bb7 36.Rhg3 Ba8
37.f5 Qe8 38.Qc2 Bf8  1-0

[Event "Eger op"]
[Site "Eger"]
[Date "1989.??.??"]
[Round "?"]
[White "Kozma, Karoly"]
[Black "Nemeth, Zoltan"]
[Result "0-1"]
[WhiteElo "2290"]
[BlackElo "2345"]

1.d4 d5 2.Nf3 c6 3.c4 e6 4.Nc3 Nf6 5.e3 Nbd7 6.Qc2 Bd6 7.b3 O-O 8.Be2 a6
9.O-O dxc4 10.Bxc4 b5 11.Bd3 Bb7 12.Bb2 Rc8 13.Ng5 Bxh2+ 14.Kxh2 Ng4+ 15.Kg3 Nxe3
16.fxe3 Qxg5+ 17.Kh2 Nf6 18.Rxf6 gxf6 19.Qf2 c5 20.dxc5 Rxc5 21.Ne4 Bxe4
22.Bxe4 f5 23.Bf3 Rfc8 24.Rd1 e5 25.b4 Rc2 26.Rd2 Rxb2 27.Rxb2 Qh6+ 28.Kg3 f4+
29.exf4 exf4+ 30.Kg4 f5+ 31.Kxf5 Rf8+ 32.Kg4 Qe6+ 33.Kh4 Rf5 34.Kh3 Rh5+  0-1

[Event "FRA-ch"]
[Site "?"]
[Date "1989.??.??"]
[Round "?"]
[White "Andruet, Gilles"]
[Black "Nemirovski, Serge"]
[Result "1-0"]
[WhiteElo "2360"]
[BlackElo "2365"]

1.d4 e6 2.c4 d5 3.Nc3 c6 4.e3 Nf6 5.Nf3 Nbd7 6.Qc2 Bd6 7.b3 O-O 8.Bb2 Qe7
9.Be2 b6 10.O-O Bb7 11.Rad1 Rac8 12.e4 dxe4 13.Nxe4 Bb8 14.Nxf6+ Nxf6 15.c5 b5
16.a4 a6 17.Rfe1 Nd5 18.Qe4 b4 19.Bd3 g6 20.h4 a5 21.g3 Rce8 22.Kg2 Bc8 23.Qe2 Qa7
24.h5 Re7 25.Qd2 Ba6 26.Bc4 Rfe8 27.Qh6 Nf6 28.Bxa6 Qxa6 29.d5 Nxh5 30.d6 Rd7
31.Ne5 Ra7 32.Ng4 f5 33.d7 Rd8 34.Rxe6  1-0

[Event "FRA-chT"]
[Site "?"]
[Date "1989.??.??"]
[Round "?"]
[White "Cerisier, Philippe"]
[Black "Preissmann, Emmanuel"]
[Result "1/2-1/2"]
[WhiteElo "2275"]
[BlackElo "2310"]

1.c4 e6 2.Nc3 d5 3.d4 c6 4.e3 Nf6 5.Nf3 Nbd7 6.Bd3 dxc4 7.Bxc4 b5 8.Bd3 a6
9.O-O c5 10.a4 b4 11.Ne4 Bb7 12.Nxf6+ Nxf6 13.Qe2 cxd4 14.Nxd4 e5 15.Nf5 e4
16.Bc4 Qa5 17.Ng3 h5 18.Rd1 h4 19.Nf1 h3 20.f4 hxg2 21.Qxg2 Qh5 22.Be2 Qh4
23.b3 Bc5 24.Bb2 Qxf4 25.Bd4 Bxd4 26.Rxd4 Qe5 27.Rad1 Qc5 28.Rd6 Rh6 29.Kh1 Kf8
30.Bc4 Re8 31.Qf2 Qh5 32.Be2 Qe5 33.Bc4 Bc8 34.Rd8 Bg4 35.R1d4 Bf3+ 36.Kg1 Rg6+
37.Ng3 Rxd8 38.Rxd8+ Ke7 39.Ra8 Qa1+ 40.Bf1 Nd7 41.Rc8 Qd1 42.Rc7 Kd8 43.Ra7 Qxb3
44.Qd2 Rd6 45.Ra8+ Kc7 46.Ra7+ Kd8 47.Ra8+  1/2-1/2

[Event "FRA-chT"]
[Site "?"]
[Date "1989.??.??"]
[Round "?"]
[White "Chabanon, Jean Luc"]
[Black "Knecht"]
[Result "1-0"]
[WhiteElo "2245"]
[BlackElo "2180"]

1.Nf3 d5 2.d4 c6 3.c4 e6 4.e3 Nf6 5.Nc3 Nbd7 6.Bd3 dxc4 7.Bxc4 b5 8.Bd3 a6
9.e4 c5 10.d5 e5 11.b3 Bd6 12.O-O Nf8 13.a4 b4 14.Ne2 Ng6 15.Nd2 Nh5 16.Nc4 O-O
17.Be3 Bb7 18.Rc1 Rc8 19.Ng3 Nxg3 20.fxg3 Bb8 21.Qh5 f6 22.Be2 Ne7 23.Bg4 f5
24.Bxf5 Nxf5 25.Rxf5 Rxf5 26.Qxf5 Qe7 27.Rf1 Re8 28.d6 g6 29.Qf2 Qe6 30.Bh6  1-0

[Event "FRA-chT"]
[Site "?"]
[Date "1989.??.??"]
[Round "?"]
[White "Vareille, Francois"]
[Black "Zawadski, Stephane"]
[Result "0-1"]
[WhiteElo "2285"]
[BlackElo "2030"]

1.d4 d5 2.c4 c6 3.Nf3 Nf6 4.e3 e6 5.Nc3 Nbd7 6.Qc2 Bd6 7.b3 b6 8.Bd3 Bb7
9.O-O O-O 10.Bb2 Qe7 11.Rfe1 dxc4 12.bxc4 e5 13.Ne4 Nxe4 14.Bxe4 g6 15.Qb3 Rab8
16.Rad1 Rfe8 17.Bc3 c5 18.Bxb7 Rxb7 19.dxe5 Nxe5 20.Bxe5 Bxe5 21.Nxe5 Qxe5
22.Rd5 Qf6 23.Rxc5 bxc5 24.Qxb7 Qc3 25.Rd1 Qxc4 26.Qxa7 Qc2 27.Rf1 c4 28.a4 c3
29.Qd4 Qb3 30.Rc1 Rb8 31.g3 c2 32.Qc5 Qxa4 33.Qxc2 Qxc2 34.Rxc2 h5 35.Kg2 Kg7
36.Kf3 Rb4 37.e4 Kf6 38.Kf4 g5+ 39.Ke3 Rb3+ 40.Kd4 Rb7 41.Rc6+ Kg7 42.e5 Rb4+
43.Ke3 h4 44.Rf6 hxg3 45.hxg3 Ra4 46.Rd6 Rb4 47.Rd4 Rb2 48.Rg4 Kh6 49.f3 Rb3+
50.Ke4 Kh5 51.Kd4 Rxf3 52.Re4 Rxg3 53.e6 fxe6 54.Rxe6 Rf3 55.Ke4 g4 56.Re8 Kh4
57.Rh8+ Kg3 58.Rg8 Kh3 59.Rg7 Ra3 60.Rg8 g3 61.Rh8+ Kg2 62.Rg8 Kg1 63.Rg7 g2
64.Rh7 Rg3 65.Kf4 Kf2 66.Rh2 Rg8  0-1

[Event "Frunze op"]
[Site "Frunze"]
[Date "1989.??.??"]
[Round "?"]
[White "Yuneev, Alexey"]
[Black "Tabatadze, Tamaz"]
[Result "1-0"]
[WhiteElo "2345"]
[BlackElo "2365"]

1.d4 d5 2.c4 c6 3.Nf3 Nf6 4.Nc3 e6 5.e3 Nbd7 6.Bd3 dxc4 7.Bxc4 b5 8.Be2 Bb7
9.O-O b4 10.Na4 Bd6 11.Bd2 Qe7 12.Qc2 Rc8 13.Rac1 a5 14.e4 Bb8 15.Bg5 h6
16.Bh4 e5 17.dxe5 Nxe5 18.Nc5 Nxf3+ 19.Bxf3 Be5 20.Bxf6 gxf6 21.Rcd1 Rc7
22.Bg4 Ba8 23.Rd3 Bd6 24.Rfd1 f5 25.Bxf5 Be5 26.Qd2 Qg5 27.Rd8+ Ke7 28.Qd3 Rg8
29.g3 Qg7 30.Rd7+ Rxd7 31.Qxd7+ Kf6 32.Rd6+ Kg5 33.Qe7+  1-0

[Event "Frunze op"]
[Site "Frunze"]
[Date "1989.??.??"]
[Round "?"]
[White "Nenashev, Alexander"]
[Black "Yuneev, Alexey"]
[Result "0-1"]
[WhiteElo "2435"]
[BlackElo "2345"]

1.c4 e6 2.Nf3 Nf6 3.Nc3 d5 4.d4 c6 5.e3 Nbd7 6.Bd3 dxc4 7.Bxc4 b5 8.Bd3 a6
9.e4 c5 10.e5 cxd4 11.Ne4 Nd5 12.O-O Be7 13.a4 bxa4 14.Rxa4 O-O 15.Rxd4 Qc7
16.Re1 f5 17.exf6 N7xf6 18.Neg5 Qb6 19.Rxd5 Nxd5 20.Bxh7+ Kh8 21.Be4 Bxg5
22.Bxg5 Bb7 23.Nd4 Nf6 24.Bxb7 Rad8 25.Qe2 Qxd4 26.Bxa6 Rb8 27.Qxe6 Ng4 28.Be3 Qb4
29.Ba7 Rf6 30.Qe2 Ra8 31.Bd3 Rxa7 32.Rc1 Ra8 33.h3 Qf4 34.Rf1 Qh2+  0-1

[Event "Troll Masters"]
[Site "Gausdal"]
[Date "1989.??.??"]
[Round "?"]
[White "Hoi, Carsten"]
[Black "Muir, Andrew J"]
[Result "1-0"]
[WhiteElo "2460"]
[BlackElo "2240"]

1.d4 d5 2.Nf3 Nf6 3.c4 e6 4.Nc3 c6 5.e3 Nbd7 6.Bd3 dxc4 7.Bxc4 b5 8.Bd3 Bb7
9.e4 b4 10.Na4 c5 11.e5 Nd5 12.O-O cxd4 13.Nxd4 Nxe5 14.Bb5+ Nd7 15.Qh5 Nf6
16.Qe2 Rc8 17.Bg5 Be7 18.Bxf6 Bxf6 19.Nxe6 Qe7 20.Rfd1 Bc6 21.Rac1 Nb8 22.Rxc6 Nxc6
23.Rd8+ Rxd8 24.Bxc6+ Rd7 25.Bxd7+ Kxd7 26.Nac5+ Kc6 27.Qe4+ Kb5 28.a4+ bxa3
29.Qa4+ Kb6 30.Qa6+  1-0

[Event "Bundesliga 8889"]
[Site "Germany"]
[Date "1989.??.??"]
[Round "?"]
[White "Sieglen, Joachim"]
[Black "Simon, Ralf Axel"]
[Result "1-0"]
[WhiteElo "2330"]
[BlackElo "2320"]

1.d4 d5 2.c4 e6 3.Nf3 Nf6 4.Nc3 c6 5.e3 Nbd7 6.Qc2 Bd6 7.e4 dxe4 8.Nxe4 Nxe4
9.Qxe4 c5 10.Bd2 Nf6 11.Qc2 b6 12.O-O-O Bb7 13.Bc3 Qc7 14.dxc5 bxc5 15.Bd3 O-O-O
16.Bxf6 gxf6 17.Be4 f5 18.Bxb7+ Qxb7 19.Rd3 Bf4+ 20.Kb1 Rxd3 21.Qxd3 Qe4
22.Qxe4 fxe4 23.g3 exf3 24.gxf4 Rg8 25.h3 Rg2 26.Rf1 Rh2 27.Kc2 Rxh3 28.Kd3 Rh5
29.Ke4 Rf5 30.Rg1 h5 31.Rg5 Rxg5 32.fxg5 Kd7 33.Kxf3 f6 34.g6 Ke7 35.Kg3 a5
36.b3 Kf8 37.Kh4 Kg7 38.Kxh5 e5 39.f3 f5 40.Kg5  1-0

[Event "Bundesliga 8889"]
[Site "Germany"]
[Date "1989.??.??"]
[Round "?"]
[White "Sieglen, Joachim"]
[Black "Mueller, Karsten"]
[Result "1-0"]
[WhiteElo "2330"]
[BlackElo "2265"]

1.d4 d5 2.c4 e6 3.Nc3 c6 4.Nf3 Nf6 5.e3 Nbd7 6.Bd3 dxc4 7.Bxc4 b5 8.Bd3 Bb7
9.O-O a6 10.e4 c5 11.d5 c4 12.dxe6 cxd3 13.exd7+ Qxd7 14.Re1 Bb4 15.Bg5 O-O
16.Bxf6 gxf6 17.Re3 Rad8 18.Nh4 Kh8 19.Nd5 Bxd5 20.Rxd3 Bb3 21.Rxd7 Bxd1
22.Raxd1 Rxd7 23.Rxd7 Rc8 24.g3 Kg7 25.a3 Bf8 26.Ra7 Rc4 27.Rxa6 Rxe4 28.b4 Re5
29.Kg2 Rd5 30.Kf3 Rd2 31.Ra8 h5 32.Nf5+ Kg6 33.Nh4+ Kg7 34.Nf5+ Kg6 35.Rxf8 Kxf5
36.Rxf7 Rd3+ 37.Kg2 h4 38.Rb7 Rd5 39.Rc7 hxg3 40.hxg3 Rd3 41.Rc5+ Kg6 42.Rxb5 Rxa3
43.g4 Rc3 44.Rc5 Rb3 45.b5 Rb2 46.Rf5 Rb3 47.f3 Rb2+ 48.Kg3 Rb4 49.Kf2 Rb3
50.Ke2  1-0

[Event "BL2-W8889"]
[Site "Germany"]
[Date "1989.??.??"]
[Round "?"]
[White "Serrer, Christoph"]
[Black "Buecker, Peter"]
[Result "1/2-1/2"]
[WhiteElo "2265"]
[BlackElo "2320"]

1.Nf3 d5 2.d4 e6 3.c4 Nf6 4.Nc3 c6 5.e3 Nbd7 6.Qc2 Bd6 7.Bd3 dxc4 8.Bxc4 e5
9.O-O O-O 10.Bd2 exd4 11.exd4 Nb6 12.Bb3 Nbd5 13.Bg5 Be6 14.Nxd5 cxd5 15.Qd3 Be7
16.Rfe1 Ne4 17.Bxe7 Qxe7 18.Nd2 Nf6 19.Rac1 Rac8 20.Rc3 Rxc3 21.Qxc3 Qd7
22.Rc1 Rc8 23.Qxc8+ Qxc8 24.Rxc8+ Bxc8 25.Nb1 Bd7 26.Nc3 Bc6 27.f3 Kf8 28.Kf2 Ke7
29.Ke3 Kd6 30.Bc2 a5 31.Bd3 h6 32.Ne2 Bd7 33.Ng3 g6 34.h4 Ng8 35.Kf4 Ne7
36.Ke3 Be6 37.Bb1 Bd7 38.Bd3 Be6 39.f4 Bg4 40.Bb1 b6 41.Bd3 Bf5 42.Bb5 Bd7
43.Bd3 Bf5 44.Be2 h5 45.Bb5 Bb1 46.a3 Nf5+ 47.Nxf5+ Bxf5 48.g3 Bc8 49.Bd3 Bf5
50.Bb5 Bc8 51.Kd2 Ke6 52.Bf1 f5 53.Kc3 Bd7 54.b4 Kd6 55.Be2 Kc7 56.Ba6 Ba4
57.Bf1 Bd7 58.Kb3 Kd6 59.Kc2 axb4 60.axb4 Kc7 61.Kd2 Kd6 62.Ke3 Kc7 63.Bd3 Kd6
64.Kf2 Ke6 65.Kg2 Kf6 66.Ba6 b5 67.Bb7 Ke6 68.Kf3 Kd6 69.Ke3 Bc6  1/2-1/2

[Event "Bundesliga 8889"]
[Site "Germany"]
[Date "1989.??.??"]
[Round "?"]
[White "Breutigam, Martin"]
[Black "Mueller, Karsten"]
[Result "0-1"]
[WhiteElo "2295"]
[BlackElo "2265"]

1.d4 d5 2.c4 e6 3.Nf3 c6 4.e3 Nf6 5.Nc3 Nbd7 6.Qc2 Bd6 7.e4 dxe4 8.Nxe4 Nxe4
9.Qxe4 c5 10.Bd2 Nf6 11.Qd3 Qc7 12.Bc3 Bd7 13.dxc5 Bxc5 14.Be2 O-O-O 15.b4 Bc6
16.Qc2 Bxf3 17.Bxf3 Bd4 18.Bxd4 Rxd4 19.Rc1 Qe5+ 20.Qe2 Ng4 21.h3 Qf4 22.Rc3 Ne5
23.O-O Rhd8 24.g3 Qd2 25.Qxd2 Rxd2 26.a4 R8d4 27.Bg2 Kb8 28.Rfc1 Nd3 29.Rb1 e5
30.f3 Rb2 31.Rxb2 Nxb2 32.Bf1 Nxa4 33.Re3 f6 34.Bd3 Nb2 35.Bxh7 Nxc4 36.Re1 Nd2
37.Kf2 Rxb4 38.Rd1 Rd4 39.Rc1 b5 40.Rc5 a6 41.Rc6 Kb7 42.Re6 Rd7 43.Ke2 Nb3
44.Be4+ Ka7 45.Re8 Nc5 46.Bf5 Rc7 47.g4 g5 48.Rh8 Kb6 49.Rh6 Rc6 50.Kd2 b4
51.Kc2 a5 52.Kb2 a4 53.Ka2 Kb5 54.Bg6 Rd6 55.h4 a3 56.Be8+ Kc4 57.Bf7+ Kc3
58.hxg5 Rd2+  0-1